000 00979nam a22002772 4500
001 37545
003 UkOxU
005 20211209052624.0
008 150125r19771961enka b 001 0 eng u
035 _aOCLC ocm05806181 from D970731M
040 _cPGC
_dOCL
_dUKM
_dYSM
_dOCL
_dEQO
_aBD-RjUL
_beng
041 _aeng
082 0 4 _a592
_218
_bBOI 1977
090 _aQL362
_b.B6 1961
100 1 _aBorradaile, L. A.
_q(Lancelot Alexander),
_d1872-1945.
_9115311
245 1 4 _aThe invertebrata :
_ba manual for the use of students /
_cby L.A. Borradaile & F.A. Potts. With chapters by L.E.S. Eastham and J.T. Saunders.
250 _a4th ed.,
260 _aCambridge [Eng.] :
_bUniversity Press,
_c1961 [Reprinted 1977]
300 _axvii, 820 p. :
_bill. ;
_c23 cm.
500 _aIncludes index.
504 _aBibliography: p. [740]-789.
650 0 _aInvertebrates.
_9115312
700 1 _aPotts, F. A.
_q(Frank Armitage)
_9115313
700 1 _aKerkut, G. A.
_9115314
942 _2ddc
_cBK
999 _c37545
_d37545